MARC

LEADER 00000nam0a2200000 4500
001 304946
005 20231102001743.0
035 |a (RuTPU)RU\TPU\book\330205 
090 |a 304946 
100 |a 20150921d1983 km y0rusy50 ca 
101 0 |a rus 
102 |a RU 
105 |a a z 001zy 
200 1 |a Математико-статистические методы в экономическом анализе и планировании  |f Академия наук СССР (АН СССР), Сибирское отделение (СО), Институт экономики и организации промышленного производства (ИЭОПП) ; под ред. Б. Б. Розина 
210 |a Новосибирск  |c Наука  |d 1983 
215 |a 255 с.  |c ил. 
320 |a Библиогр. в конце ст. 
606 1 |a Анализ хозяйственной деятельности  |x Математические методы  |2 stltpush  |3 (RuTPU)RU\TPU\subj\28965  |9 52386 
610 1 |a математико-статистические методы 
610 1 |a экономические показатели 
610 1 |a прогнозирование 
610 1 |a математические модели 
610 1 |a переменная структура 
610 1 |a многомерные модели 
610 1 |a надежность 
610 1 |a плановые решения 
675 |a 658.012.122  |v 4 
702 1 |a Розин  |b Б. Б.  |4 340 
712 0 2 |a Академия наук СССР (АН СССР)  |b Сибирское отделение (СО)  |b Институт экономики и организации промышленного производства (ИЭОПП)  |c (Новосибирск)  |2 stltpush  |3 (RuTPU)RU\TPU\col\12174 
801 1 |a RU  |b 63413507  |c 20150921 
801 2 |a RU  |b 63413507  |c 20190423  |g RCR 
942 |c BK